|
|
|
|
| LEADER |
00876nam a2200289 4500 |
| 001 |
DLU160177174 |
| 005 |
##20161017 |
| 040 |
# |
# |
|a DLU
|b vie
|
| 041 |
# |
# |
|a vie
|
| 044 |
# |
# |
|a vn
|
| 100 |
# |
# |
|a Bùi Huy Vọng.
|
| 245 |
# |
# |
|a Đố Lá - trò chơi dân gian độc đáo, hữu ích của trẻ em Mường /
|c Bùi Huy Vọng.
|
| 653 |
# |
# |
|a Đố Lá
|
| 653 |
# |
# |
|a Dân tộc Mường
|
| 653 |
# |
# |
|a Trò chơi dân gian
|
| 773 |
# |
# |
|t Tạp chí Văn hóa các dân tộc
|g Số4(136), 2005, tr. 6
|
| 773 |
# |
# |
|t Tạp chí Văn hóa các dân tộc
|g Số6(138), 2005, tr.
|
| 920 |
# |
# |
|a Phòng Tạp chí -- Trung tâm Thông tin - Thư viện Trường Đại học Đà Lạt
|
| 994 |
# |
# |
|a DLU
|
| 900 |
# |
# |
|a True
|
| 911 |
# |
# |
|a Nguyễn Thị Mai Anh
|
| 925 |
# |
# |
|a G
|
| 926 |
# |
# |
|a A
|
| 927 |
# |
# |
|a BB
|
| 980 |
# |
# |
|a Thư viện Trường Đại học Đà Lạt
|